| 000 | 00549nam a2200109Ia 4500 | ||
|---|---|---|---|
| 008 | 171212s9999 xx 000 0 und d | ||
| 100 | _aBerry, Sandra H.;Concannon, Thomas W.;Morganti, Kristy Gonzalez;Auerbach, David I.;Beckett, Megan K. | ||
| 245 |
_cBerry, Sandra H.;Concannon, Thomas W.;Morganti, Kristy Gonzalez;Auerbach, David I.;Beckett, Megan K. _aCMS Innovation Center Health Care Innovation Awards _bEvaluation Plan |
||
| 260 |
_bRAND Corporation _c2013 |
||
| 650 | _aHealth Sciences | ||
| 856 | _uhttp://www.jstor.org/stable/10.7249/j.ctt5hhtcm | ||
| 999 |
_c351870 _d351870 |
||